000
00292nam a22001337a 4500
008
181031b xxu||||| |||| 00| 0 eng d
020
_a
9780674031753
041
_a
eng
080
_a
591
100
_a
7
101
_a
ZOO
245
_a
Evoluton The First Four
_c
Rude.M
942
_2
udc
_c
BK
999
_c
51270
_d
51270